| 000 | 01407cam a22002055a 4500 | ||
|---|---|---|---|
| 001 | L137486 | ||
| 008 | 070411s2007 xxk f 000 0 eng d | ||
| 035 | _a(Sirsi) u137486 | ||
| 041 | 0 | _aeng | |
| 110 | 2 |
_aRoyal Institution of Chartered Surveyors _bEconomics _95033 |
|
| 245 | 0 | 0 |
_aRICS UK economic brief _bMarch 2007 _h[electronic resource] |
| 260 | _c2007 | ||
| 490 | 0 |
_aRICS UK Economic Brief _vMarch 2007 |
|
| 520 | _aReports that despite the likelihood of a fall in the rate of inflation during the next six months an interest rate rise to 5.5% is expected in May. Predicts that uncertainty over the prospects for price changes, the fear of higher inflationary pressure from abroad and the increased price setting power of firms at home will convince policy makers that interest rates need to rise. Reports that occupier demand in the commercial property market continued to expand in Q1 2007 as strength in the economy supported business expansion, the growth in construction workloads during 2007 Q1 accelerated for the second consecutive quarter, and that house prices increased for the sixteenth consecutive month in February. | ||
| 590 | _aKA | ||
| 651 | 4 |
_aUnited Kingdom _y |
|
| 690 | _aPROPERTY-COMMERCIAL PROPERTY-COMMERCIAL PROPERTY MARKET | ||
| 856 | 4 | 0 |
_uhttps://www.rics.org/site/scripts/download_info.aspx?downloadID=780 _zView the item free of charge at www.rics.org... |
| 942 | _n0 | ||
| 999 |
_c106798 _d106798 |
||